| 000 | 00644nam a22002057a 4500 | ||
|---|---|---|---|
| 999 |
_c3630 _d3630 |
||
| 003 | AR-CdUCM | ||
| 008 | 190307b ||||| |||| 00| 0 spa d | ||
| 040 |
_aMUNICIPALIDAD PROVINCIAL DEL CUSCO _cBIBLIOTECA MUNICIPAL DEL CUSCO |
||
| 082 |
_24ed. _a910.08 / _bC24 |
||
| 100 |
_aCamba, Julio _911835 |
||
| 245 | _aLa Rana Viajera / | ||
| 260 |
_aMadrid : _bEspasa-Calpe ; _c1968. |
||
| 300 |
_a149 páginas ; _c18cm |
||
| 440 |
_aColección Austral _n754. _911836 |
||
| 505 | _aContenido : Ensayos -- Descripciones de viajes por España | ||
| 650 |
_aHumorismo español _9763 |
||
| 650 |
_aEspaña _9176 |
||
| 942 |
_2ddc _cLIBROS |
||
| 945 | _anom | ||